| 000 | 00854nam a22001697a 4500 | ||
|---|---|---|---|
| 020 | _a0312004931 | ||
| 040 | _c0 | ||
| 082 | _a320.6,HEI | ||
| 100 |
_aHeidenheimer, Arnold J. _9113523 |
||
| 245 |
_aComparative Public Policy : _bThe Politics of Social Choice in America, Europ and Japan / _cArnold J. Heidenheimer, Hugh Heclo, Carolyn Teich Adams |
||
| 250 | _a3rd Edition | ||
| 260 |
_aLahore _bServices Book Club _c1996 |
||
| 300 | _axv, 415 p | ||
| 505 | _aThe Politics of Social Choice (Page-1), Education Policy (Page-23), Health Policy (Page-57), Housing Policy (Page-97), Economic Policy (Page-132), Taxation Policy (Page-183), Income Maintenance Policy (Page-218), Urban Planning (Page-267), Environmental Policy (Page-308), Policy Contrasts in the Welfare State (Page-345). | ||
| 650 |
_aPolitics of Social Choice _9113524 |
||
| 942 |
_2ddc _cBK |
||
| 999 |
_c595198 _d595198 |
||